Countries with K in their Name - Statistics

General Stats
  • This quiz has been taken 38 times
  • The average score is 15 of 20
Answer Stats
Hint Answer % Correct
Central Asia Kazakhstan
95%
Europe United Kingdom
92%
Asia (East) North Korea
86%
Asia (East) South Korea
86%
Europe Kosovo
84%
Europe Ukraine
84%
Europe Denmark
81%
Africa Kenya
81%
Oceania Kiribati
81%
West Asia Kuwait
76%
Central Asia Tajikistan
76%
Asia and Europe Turkey
76%
Central Asia Turkmenistan
76%
Central Asia Uzbekistan
76%
Asia (South) Pakistan
73%
Europe Slovakia
70%
Caribbean Saint Kitts and Nevis
68%
Africa Burkina Faso
65%
Asia (South) Sri Lanka
65%
Central Asia Kyrgyzstan
46%
No matching quizzes found
Score Distribution
Percent of People with Each Score
Percentile by Number Answered
Your Score History
You have not taken this quiz